Иоанн Грозный, его жизнь и государственная деятельность (Запись № 5667959)

Подробности
000 -МАРКЕР
контрольное поле 02451nam0a22004811 4500
001 - ИДЕНТИФИКАТОР ЗАПИСИ
контрольное поле v19\rc\1580323
005 - ИДЕНТИФИКАТОР ВЕРСИИ
контрольное поле 20260406161326.0
035 ## - ДРУГИЕ СИСТЕМНЫЕ НОМЕРА
Идентификатор записи (NLR Aleph) 005237320
100 ## - ДАННЫЕ ОБЩЕЙ ОБРАБОТКИ
Данные общей обработки 20061002d1893 k y0rusy50 ca
101 0# - ЯЗЫК РЕСУРСА
Язык текста, звукозаписи и т.д. русский
102 ## - СТРАНА ПУБЛИКАЦИИ ИЛИ ПРОИЗВОДСТВА
Страна публикации российская федерация
105 ## - ПОЛЕ КОДИРОВАННЫХ ДАННЫХ: ТЕКСТОВЫЕ МАТЕРИАЛЫ, МОНОГРАФИЧЕСКИЕ
Кодированные данные о монографическом текстовом документе c z |||cb
200 1# - ЗАГЛАВИЕ И СВЕДЕНИЯ ОБ ОТВЕТСТВЕННОСТИ
Основное заглавие Иоанн Грозный, его жизнь и государственная деятельность
Сведения, относящиеся к заглавию биографический очерк Е.А. Соловьева
-- с портретом Иоанна Грозного, гравированным в Лейпциге Геданом
210 ## - ПУБЛИКАЦИЯ, РАСПРОСТРАНЕНИЕ И ДР.
Место издания, распространения и т.д. С.-Петербург
Дата издания, распространения и т.д. 1893
215 ## - ФИЗИЧЕСКАЯ ХАРАКТЕРИСТИКА
Специфическое обозначение материала и объем 87 с., 1 л. портр.
Размеры 20
225 1# - СЕРИЯ
Основное заглавие серии Жизнь замечательных людей
Сведения, относящиеся к заглавию биографическая библиотека Ф. Павленкова
Обозначение тома вып. 73
300 ## - ОБЩИЕ ПРИМЕЧАНИЯ
Текст примечания На обл. в подзагол.: "С портретом Ивана IV-го, воспроизведенным по статуе Антокольского"
-- Обл. напечатана в типографии товарищества "Общественная польза"
320 ## - ПРИМЕЧАНИЯ О НАЛИЧИИ В ДОКУМЕНТЕ БИБЛИОГРАФИИ / УКАЗАТЕЛЯ
Текст примечания Библиогр.: "Источники и пособия" (с. 4)
517 1# - ДРУГИЕ ВАРИАНТЫ ЗАГЛАВИЯ
Вариант заглавия Биографическая библиотека Ф. Павленкова
Язык заглавия русский
600 00 - ИМЯ ЛИЦА КАК ПРЕДМЕТ
Начальный элемент ввода Иван
Дополнения к именам, кроме дат царь русский
Римские цифры IV
Даты 1530 - 1584
Системный номер авторитетной/нормативной записи 2098369
Идентификатор авторитетной/нормативной записи RU\NLR\AUTH\661269382
686 0# - ИНДЕКСЫ ДРУГИХ КЛАССИФИКАЦИЙ
Индекс Т3(2)44-72
Код системы
700 #1 - ИМЯ ЛИЦА - ПЕРВИЧНАЯ ОТВЕТСТВЕННОСТЬ
Материалы, к которым относится поле rus
Графика поля Кириллица
Начальный элемент ввода Соловьев
Часть имени, кроме начального элемента ввода Е. А.
Дополнения к именам, кроме дат критик
Даты 1866-1905
Расширение инициалов личного имени Евгений Андреевич
Идентификатор авторитетной/нормативной записи RU\NLR\AUTH\778487
Системный номер авторитетной/нормативной записи 118392
702 #0 - ИМЯ ЛИЦА - ВТОРИЧНАЯ ОТВЕТСТВЕННОСТЬ
Код отношения Прочие
Материалы, к которым относится поле rus
Графика поля Кириллица
Начальный элемент ввода Иван
Дополнения к именам, кроме дат царь русский
Римские цифры IV
Даты 1530-1584
Идентификатор авторитетной/нормативной записи RU\NLR\AUTH\778743
Системный номер авторитетной/нормативной записи 118634
702 #1 - ИМЯ ЛИЦА - ВТОРИЧНАЯ ОТВЕТСТВЕННОСТЬ
Код отношения Прочие
Материалы, к которым относится поле rus
Графика поля Кириллица
Начальный элемент ввода Антокольский
Часть имени, кроме начального элемента ввода М. М.
Дополнения к именам, кроме дат скульптор
Даты 1840-1902
Расширение инициалов личного имени Марк Матвеевич
Идентификатор авторитетной/нормативной записи RU\NLR\AUTH\7796551
Системный номер авторитетной/нормативной записи 79477
702 #1 - ИМЯ ЛИЦА - ВТОРИЧНАЯ ОТВЕТСТВЕННОСТЬ
Код отношения Иллюстратор
Материалы, к которым относится поле rus
Графика поля Кириллица
Начальный элемент ввода Гедан
Часть имени, кроме начального элемента ввода Г.
Дополнения к именам, кроме дат гравер
Даты 19 в.
Расширение инициалов личного имени Герман
Идентификатор авторитетной/нормативной записи RU\NLR\AUTH\7775843
Системный номер авторитетной/нормативной записи 58771
801 #0 - ИСТОЧНИК ЗАПИСИ
Страна российская федерация
Организация NLR
Правила каталогизации psbo
801 #0 - ИСТОЧНИК ЗАПИСИ
Страна российская федерация
Организация RuMoRGB
Источник данных psbo
801 #1 - ИСТОЧНИК ЗАПИСИ
Страна российская федерация
Организация ProSoft-M
Источник данных rusmarc
801 #2 - ИСТОЧНИК ЗАПИСИ
Страна российская федерация
Организация NLR
Дата составления 20070803
Источник данных rusmarc
852 ## - МЕСТОНАХОЖДЕНИЕ И ШИФР ХРАНЕНИЯ
Идентификатор организации NLR
Шифр хранения (Call Number) 18.16.8.69
899 ## - ДАННЫЕ О МЕСТОНАХОЖДЕНИИ (устаревшее)
Местонахождение RuMoRGB
Шифр хранения R 301/157
899 ## - ДАННЫЕ О МЕСТОНАХОЖДЕНИИ (устаревшее)
Местонахождение RuMoRGB
Шифр хранения U 245/219
899 ## - ДАННЫЕ О МЕСТОНАХОЖДЕНИИ (устаревшее)
Местонахождение RuMoRGB
Шифр хранения M 66/76
899 ## - ДАННЫЕ О МЕСТОНАХОЖДЕНИИ (устаревшее)
Местонахождение RuMoRGB
Шифр хранения МК
899 ## - ДАННЫЕ О МЕСТОНАХОЖДЕНИИ (устаревшее)
Местонахождение RuMoRGB
Шифр хранения Рб 7/420
899 ## - ДАННЫЕ О МЕСТОНАХОЖДЕНИИ (устаревшее)
Местонахождение БАН
899 ## - ДАННЫЕ О МЕСТОНАХОЖДЕНИИ (устаревшее)
Местонахождение НБ СПбГУ
899 ## - ДАННЫЕ О МЕСТОНАХОЖДЕНИИ (устаревшее)
Местонахождение ГПИБ
899 ## - ДАННЫЕ О МЕСТОНАХОЖДЕНИИ (устаревшее)
Местонахождение НБ МГУ
942 ## - ДОПОЛНИТЕЛЬНЫЕ ЭЛЕМЕНТЫ ЗАПИСИ (АБИС)
Тип экземпляра АБИС Книга
980 ## - КОЛЛЕКЦИЯ
Название коллекции Национальная библиография
Экземпляры
Тип экземпляра Дата поступления Библиотека постоянного хранения Библиотека текущего хранения Место хранения Шифр хранения Штрих-код Статус не для выдачи
Книга 26.10.2013 РНБ (Садовая) РНБ (Садовая) Русский книжный фонд -Главное здание, Ленинский читальный зал 18.16.8.69 5237320-10